ਭਾਰਤ ਦੇ ਪ੍ਰਸਿੱਧ ਭਵਨ / (Record no. 110901)
[ view plain ]
| 000 -LEADER | |
|---|---|
| fixed length control field | 00925nam a22002537a 4500 |
| 005 - DATE AND TIME OF LATEST TRANSACTION | |
| control field | 20170123164159.0 |
| 010 ## - LIBRARY OF CONGRESS CONTROL NUMBER | |
| LC control number | B-082612 |
| 020 ## - INTERNATIONAL STANDARD BOOK NUMBER | |
| Terms of availability | 23.00 |
| 035 ## - SYSTEM CONTROL NUMBER | |
| System control number | B-082612 |
| 037 ## - SOURCE OF ACQUISITION | |
| Source of stock number/acquisition | Cen Lib/Ret |
| 040 ## - CATALOGING SOURCE | |
| Original cataloging agency | DPL |
| Language of cataloging | PN |
| 082 ## - DEWEY DECIMAL CLASSIFICATION NUMBER | |
| Classification number | 954 |
| Item number | ਤਿ੍ਲੋਚ |
| 100 ## - MAIN ENTRY--PERSONAL NAME | |
| Personal name | ਤਿ੍ਲੋਚਨ ਸਿੰਘ |
| 9 (RLIN) | 135447 |
| 245 ## - TITLE STATEMENT | |
| Title | ਭਾਰਤ ਦੇ ਪ੍ਰਸਿੱਧ ਭਵਨ / |
| Statement of responsibility, etc | ਤਿ੍ਰਲੋਚਨ ਸਿੰਘ |
| 246 ## - VARYING FORM OF TITLE | |
| Title proper/short title | Bharat de parsidh bhawan : in punjabi / |
| Remainder of title | by Tirlochan Singh |
| 260 ## - PUBLICATION, DISTRIBUTION, ETC. (IMPRINT) | |
| Place of publication, distribution, etc | ਪੰਜਾਬ |
| Name of publisher, distributor, etc | ਭਾਸਾ ਵਿਭਾਗ |
| Date of publication, distribution, etc | 1999 |
| 270 ## - ADDRESS | |
| City | ਪੰਜਾਬ |
| Postal code | 1999 |
| 300 ## - PHYSICAL DESCRIPTION | |
| Extent | 54p ; |
| Dimensions | 24cm |
| 650 ## - SUBJECT ADDED ENTRY--TOPICAL TERM | |
| Topical term or geographic name as entry element | ਭੂਗੋਲ ਵਿਗਿਆਨ |
| 9 (RLIN) | 135448 |
| 650 ## - SUBJECT ADDED ENTRY--TOPICAL TERM | |
| Topical term or geographic name as entry element | ਭਾਰਤੀ ਭੂਗੋਲਿਕ ਅਧਿਐਨ |
| 9 (RLIN) | 135449 |
| 650 ## - SUBJECT ADDED ENTRY--TOPICAL TERM | |
| Topical term or geographic name as entry element | Geography |
| 9 (RLIN) | 135450 |
| 650 ## - SUBJECT ADDED ENTRY--TOPICAL TERM | |
| Topical term or geographic name as entry element | Indian Geographical Study |
| 9 (RLIN) | 112053 |
| 942 ## - ADDED ENTRY ELEMENTS (KOHA) | |
| Source of classification or shelving scheme | Dewey Decimal Classification |
| Koha item type | Punjabi Bks |
| Classification part | 954 |
| Call number suffix | ਤਿ੍ਰਲੋ |
| Withdrawn status | Lost status | Damaged status | Not for loan | Home library | Current library | Date acquired | Source of acquisition | Cost, normal purchase price | Total Checkouts | Full call number | Barcode | Date last seen | Copy number | Cost, replacement price | Price effective from | Koha item type |
|---|---|---|---|---|---|---|---|---|---|---|---|---|---|---|---|---|
| Central Library | Central Library | 10/02/2016 | Cen Lib/Ret | 23.00 | 954 ਤਿ੍ਰਲੋ | B-082612 | 10/02/2016 | 1 | 23.00 | 15/09/2016 | Punjabi Bks | |||||
| Central Library | Central Library | 10/02/2016 | Cen Lib/Ret | 23.00 | 954 ਤਿ੍ਰਲੋ | B-082611 | 10/02/2016 | 1 | 23.00 | 15/09/2016 | Punjabi Bks |
